| 000 | 00655 a2200277 4500 | ||
|---|---|---|---|
| 260 | _aParis | ||
| 630 | _a58 - Botanique | ||
| 037 | _bCIUF | ||
| 650 | _a5 - SCIENCES EXACTES ET NATURELLES | ||
| 100 | _aGorenflot, Robert | ||
| 260 | _bMasson | ||
| 245 | _aBiologie végétale :plantes supérieures : appareil reproducteur | ||
| 300 | _a278p. | ||
| 650 | _aBiologie végétale | ||
| 260 | _c1997 | ||
| 300 | _b24cm. | ||
| 100 | _lFr | ||
| 037 | _aS 8436 | ||
| 037 | _aS 8437 | ||
| 440 | _aEnseignement des Sciences de la vie | ||
| 250 | _a4èm.éd. | ||
| 020 | _a2-225-85446-7 | ||
| 440 | _x1240-1714 | ||
| 999 |
_c40992 _d40992 |
||